Inside 3d Studio Max 3 Modeling Materials And Rendering (Record no. 300766)

MARC details
000 -LEADER
fixed length control field 00483nam a2200169Ia 4500
008 - FIXED-LENGTH DATA ELEMENTS--GENERAL INFORMATION
fixed length control field 230718s9999 xx 000 0 und d
041 ## - LANGUAGE CODE
Language code of text/sound track or separate title eng
082 ## - DEWEY DECIMAL CLASSIFICATION NUMBER
Classification number 005.63
Item number BOA
100 ## - MAIN ENTRY--PERSONAL NAME
Personal name Boardman T.
9 (RLIN) 147106
245 ## - TITLE STATEMENT
Title Inside 3d Studio Max 3 Modeling Materials And Rendering
260 ## - PUBLICATION, DISTRIBUTION, ETC. (IMPRINT)
Date of publication, distribution, etc. 2000
Name of publisher, distributor, etc. Techmedia
300 ## - PHYSICAL DESCRIPTION
Extent 700
Accompanying material [OBSOLETE, CAN/MARC] Ref 744 C (11972)
365 ## - TRADE PRICE
Currency code Rs.
Price amount 270.00
500 ## - GENERAL NOTE
Keywords 744 C
700 ## - ADDED ENTRY--PERSONAL NAME
Personal name Boardman T. & Hubbell J.
9 (RLIN) 186883
906 ## - LOCAL DATA ELEMENT F, LDF (RLIN)
d B:3413016-Oct-2000
c COMP
b 40.5
Holdings
Withdrawn status Lost status Source of classification or shelving scheme Reference No Damaged status Not for loan Home library Current library Date acquired Vendor Budget Code Cost, normal purchase price Bill number Full call number Barcode Date last seen Discount Cost, replacement price Bill Date Koha item type Original Barcode
    Dewey Decimal Classification Ref 744 C (11972)   Reference Cummins College of Engineering for Women Pune Cummins College of Engineering for Women Pune 10/11/2000 International Book Traders COMP 229.50 34130 005.63 CCEP-BK-11972 18/07/2023 40.5 270.00 16/10/2000 Books 011972